000
00316nam a2200145Ia 4500
008
200305s9999 xx 000 0 und d
082
_a
181.45
082
_b
TIT
100
_a
TIWARI SAHJANAND
245
_a
TRIDOSH JYOTSANA
260
_a
VARANSHI
_b
CHAUKHAMBHA
300
_a
184
650
_a
YOGA
999
_c
39720
_d
39720
041
_a
hin